00920nam a2200265 i 4500001000300000100001900003245010000022260003900122300002800161500002600189504001400215600004600229650004200275710003300317020001500350040000800365041001600373080003500389920001800424942000700442008004100449999001700490856009800507952004900605bg1 aGRABARA, Maria10aWolfgang Borchert :bżycie i twórczość /cMaria Grabara ; Politechnika Częstochowska. aCzęstochowa :bWydaw. PC,c2003. a178 s. :bil. ;c24 cm. aStreszcz. ang., niem. aBibliogr.19aBorchert, Wolfgang (1921-1947)xbiografia 9aLiteratura niemieckaxhistoriay20 w. 0aPolitechnika Częstochowska a8371931972 cBPK0 apolbengger a821.112.2(091):929-052]"19"A/Z a83-7193-197-2 cKS s pl f |000 0 pol  c42908d42908 uhttp://koha.tu.koszalin.pl/cgi-bin/koha/opac-detail.pl?biblionumber=42908yKatalog online BPK 00104070aBPKbBPKcwo67702p01912210yKS